Countries where Blackpink have toured in - Statistics

General Stats
  • This quiz has been taken 20 times
  • The average score is 18 of 23
Answer Stats
Tour Country % Correct
In Your Area/Born Pink/Deadline France
100%
In Your Area/Born Pink/Deadline United Kingdom
100%
In Your Area/Born Pink/Deadline United States
100%
In Your Area/Born Pink/Deadline China (Hong Kong/Macau)
94%
In Your Area/Born Pink/Deadline Japan
94%
In Your Area/Born Pink/Deadline South Korea
94%
In Your Area/Born Pink/Deadline Thailand
94%
In Your Area/Born Pink Germany
89%
Deadline Italy
89%
In Your Area/Born Pink/Deadline Spain
89%
In Your Area/Born Pink/Deadline Canada
83%
Born Pink Mexico
83%
In Your Area/Born Pink/Deadline Taiwan
83%
In Your Area/Born Pink Australia
72%
In Your Area/Born Pink/Deadline Indonesia
67%
In Your Area/Born Pink/Deadline Singapore
67%
In Your Area/Born Pink Malaysia
61%
In Your Area/Born Pink/Deadline Philippines
61%
Born Pink Vietnam
61%
In Your Area/Born Pink Netherlands
50%
Born Pink Saudi Arabia
44%
Born Pink Denmark
39%
Born Pink United Arab Emirates
39%
No matching quizzes found
Score Distribution
Percent of People with Each Score
Percentile by Number Answered
Your Score History
You have not taken this quiz